000 00442nam a2200157Ia 4500
008 100122s9999 xx 000 0 und d
082 _b65984
_a616.46
100 _aनगर्सेकर सुरेश
245 _aडायबिटीस
250 _a1
260 _bमनोरमा प्रकाशन
_c2004
300 _a255
630 _aडायबिटीस
730 _aडायबिटीस
942 _cBOOK
999 _c438756
_d438753